| 000 | 00754nam a2200229Ii 4500 | ||
|---|---|---|---|
| 003 | JO-AjNU | ||
| 008 | 230606s9999||||xx |||||||||||||| ||und|| | ||
| 020 | _a92-2-103144-6/0253-2042 | ||
| 040 |
_aJO-AjNU _beng _erda _cJO-AjNU |
||
| 041 | _aeng | ||
| 050 | 1 | 4 | _aHD6182.43 .M64 1982 |
| 100 | 3 |
_a Molyneux-Maxine, _eauthor _92906 |
|
| 245 | 0 | 0 | _aState Policies and Position of women workers in the people's Democratic Republic of yemen,1967-77 |
| 250 | _a1 ed | ||
| 264 | 3 | 1 | _aGeneva : International Labour Office, 1982 |
| 300 | _a87p | ||
| 336 |
_atext _btxt _2rdacontent |
||
| 337 |
_aunmediated _bn _2rdamedia |
||
| 338 |
_avolume _bnc _2rdacarrier |
||
| 490 | 0 | _aWomen, work, and development,3 | |
| 650 | 4 |
_aWomen--Employment--Yemen, South _92907 |
|
| 999 |
_aE1522 _c1522 _d1522 |
||